000
00227nam a2200085Ia 4500
008
120527s9999 xx 000 0 und d
100
_a
DIULIO, E.
245
_a
Schaum's outline of theory and problem of macro Economic
942
_c
BK
999
_c
25495
_d
25495